000 00951nam a22002897a 4500
001 BR7705717
003 BR-BrBNA
005 20230928085458.0
007 ta
008 230509b bl.||||| |||| 00| 0 por d
040 _aBR-BrBNA
_bpor
_cBiblioteca Nacional de Agricultura
041 _a(Por)
072 _aE15; F00
_b1440
_b/G514
090 _ 1440 BR7705717
100 1 _aMoutinho, D.A.
110 1 _aUniversidade Federal do Ceara, Fortaleza (Brasil). Centro de Ciencias Agrarias. Depto. de Economia Agricola
_0Tese (Mestrado)
245 1 _aEscolha de nova tecnologia sob condicoes de risco: o caso do feijao de corda em Quixada [Ceara, Brasil]
260 3 _aFortaleza, CE (Brasil):
_c1977.
300 _a131 p.
500 _a15 illus.; 50 tables; 29 ref.; Summary (Por)
650 _aFEIJAO DE CORDA
650 _aTECNOLOGIA AGRICOLA
650 _aQUIXADA
650 _aCEARA
909 _a202309
_bLucia
_c55
_dLucia Elande
942 _cBK
999 _c24652
_d24652